000 03210cam a22011654i 4500
003 PE-LiUPU
005 20250813185452.0
008 150623s r 000 0 d
035 _a(Sirsi) a27242
040 _aPE-LiUPU
_bspa
_cPE-LiUPU
_erda
082 0 4 _a303.64
_bO36
_221
110 2 _aOficina Regional de UNICEF para América Latina y el Caribe
245 1 0 _aRecomendaciones de la quinta consulta regional sobre el impacto de los conflictos armados en la infancia :
_bAmérica Latina y el Caribe /
_cUNICEF.
264 1 _aBogotá :
_bUNICEF,
_c1996.
300 _a43 páginas ;
_c20 cm.
336 _atext
_2rdacontent
337 _aunmediated
_2rdamedia
338 _avolume
_2rdacarrier
500 _aEstudio sobre el impacto de los conflictos armados en la infancia, Graca Machel, Directora; Versión en Español e Inglés.
505 0 _aLa infancia como espacio de consenso en los procesos de paz. - Aplicación del derecho internacional humanitario y la convención internacional de los derechos del niño. - Experiencias en rehabilitación y recuperación psicosocial. - Niños refugiados y desplazados internos por conflictos armados en la región. -El impacto del embargo económico sobre la infancia.
526 _aP202
526 _aP201
526 _aP163
526 _aP162
526 _aP161
526 _aP160
526 _aP148
526 _aP147
526 _aP146
526 _aP145
526 _aP144
526 _aP143
526 _aP142
526 _aP141
526 _aP140
526 _aP139
526 _aP138
526 _aP137
526 _aP136
526 _aP135
526 _aP134
526 _aP133
526 _aP129
526 _aP128
526 _aP127
526 _aP120
526 _aP119
526 _aP118
526 _aP116
526 _aP115
526 _aP114
526 _aP110
526 _aP109
526 _aP108
526 _aP104
526 _aP103
526 _aP102
526 _aP99
526 _aP98
526 _aP97
526 _aP96
526 _aP95
526 _aP93
526 _aP90
526 _aP89
526 _aP88
526 _aP83
526 _aP82
526 _aP62
526 _aP59
526 _aP58
526 _aP57
526 _aP51
526 _aP49
526 _aP48
526 _aP47
526 _aP29
526 _aP24
526 _aP20
526 _aP19
526 _aP17
526 _aP15
526 _aP14
526 _aP12
526 _aP10
526 _aP09
526 _aP08
526 _aP07
526 _aP06
526 _aP05
526 _aP04
526 _aP01
650 0 4 _aVictimas de Guerra (Niños).
650 0 4 _aNiños y violencia.
942 _2ddc
_cBOOK
949 _a303.64 O36
_wDEWEY
_c1
_i52530
_lCCODEBUL1
_mBUL
_p4.00
_r0
_sY
_tBOOK
_u2015-06-24
_xBIBLIOTECA
_zUNKNOWN
_0COMPRA
_o.STAFF. Colección General
596 _a1
999 _a303.64 O36
_wDEWEY
_c34361
_i52530
_f2021-11-4
_g5
_lCCODEBUL1
_mBUL
_p4.00
_r0
_sY
_tBOOK
_u2015-6-24
_xBIBLIOTECA
_zUNKNOWN
_0COMPRA
_o.STAFF. Colección General
_d34361
980 _81
_gALBERTO SANCHEZ Responsable de Automatización